[Event "Pia Cramling Ladies Open 2018"]
[Site "Stockholm"]
[Date "2018.09.01"]
[Round "1"]
[White "Hunt, Harriet V"]
[Black "Nilsson, Kajsa 2002"]
[Result "1-0"]
[WhiteElo "2439"]
[BlackElo "1704"]
[Annotator "TA"]
[PlyCount "75"]
[EventDate "2018.09.01"]
[EventType "swiss"]
[EventCountry "SWE"]
[SourceTitle "playchess.com"]
[Source "ChessBase"]
[SourceQuality "1"]

{[%evp 22,75,43,1,43,37,78,79,82,73,87,77,80,79,111,110,107,110,171,102,183,176,176,181,184,85,86,54,287,268,407,400,527,482,678,358,366,359,357,208,562,570,638,628,636,622,767,761,1329,727,1935,1910,2970,2961,2102,2292]} 1. e4 e5 2. Nf3 Nc6 3. Bb5 a6 4. Ba4 Nf6 5. O-O b5 6. Bb3 Be7 7. Re1 d6 8. c3 Na5 9. Bc2 c5 10. d4 Qc7 11. Nbd2 O-O 12. d5 {LiveBook: 9 Games. C90: Closed Ruy Lopez with 7...d6: Early deviations} (12. Nf1 cxd4 13. cxd4 Bg4 14. Ne3 Bxf3 15. Qxf3 Nc6 16. d5 Nd4 17. Qd1 Bd8 18. a4 bxa4 19. Rxa4 Qb8 20. Nc4 Nd7 21. Ra3 {0-1 (56) Vovk,Y (2626)-Postny,E (2670) Fagernes 2015}) 12... Nb7 13. c4 $146 ({Predecessor:} 13. a4 Bd7 14. b3 Rfb8 15. Nf1 Ne8 16. Ng3 g6 17. h3 c4 18. b4 a5 19. Ba3 bxa4 20. bxa5 Nxa5 21. Nxe5 {1-0 (83) Hudacek,J (2063)-Drtina,M (2169) Slovakia 2016}) 13... bxc4 14. Nxc4 {White is better.} Na5 15. Ne3 Rb8 16. Rb1 Bd7 17. Bd2 Bb5 18. Bc3 Rfc8 19. Nd2 c4 (19... g6 $16) 20. Nf5 (20. f4 $18) 20... Nb7 (20... Bf8 $16) 21. a4 $36 {[%mdl 2048] Black is under strong pressure.} Be8 {[#]} 22. Nxc4 $1 {[%mdl 512]} Bf8 (22... Qxc4 23. Nxe7+) 23. b3 (23. Nfe3 $18) 23... Bxa4 $16 24. f4 {[%cal Rf4e5]} Bd7 $2 (24... Nd7 $1 $14) 25. fxe5 $18 dxe5 (25... Ne8 $142 26. Nfe3 dxe5 27. Bxe5 Nbd6) 26. Bxe5 Qc5+ 27. Bd4 Qc7 (27... Bxf5 $142 28. Bxc5 Bxc5+ 29. Kh1 Bg6) 28. Bxf6 Bxf5 29. Be5 (29. exf5 gxf6 30. Qg4+ Kh8 $18) 29... Qc5+ 30. Bd4 (30. Kh1 $142 Bg6 31. Bxb8 Rxb8 32. Rc1) 30... Qc7 $2 (30... Bg4 {is more resistant.} 31. Qd2 (31. Bxc5 Bxc5+ 32. Kh1 Bxd1 $16) (31. Qxg4 Qxd4+ 32. Kh1 Nd6 $16) 31... Qxd4+ 32. Qxd4 Bc5) 31. exf5 {White is clearly winning.} Qd8 32. Qf3 Nd6 33. Bd3 Qc7 34. f6 Nxc4 35. Bxc4 Qd8 36. fxg7 Bxg7 37. Qg4 {[%csl Gd4][%cal Rg4g7] [#]} Qf8 38. d6 {Precision: White = 34%, Black = 23%.} 1-0

[Event "Pia Cramling Ladies Open 2018"]
[Site "Stockholm"]
[Date "2018.09.01"]
[Round "1"]
[White "Tetenkina, Irina"]
[Black "Fransson, Pia"]
[Result "1-0"]
[WhiteElo "2214"]
[BlackElo "1549"]
[Annotator "TA"]
[PlyCount "39"]
[EventDate "2018.09.01"]
[EventType "swiss"]
[EventCountry "SWE"]
[SourceTitle "playchess.com"]
[Source "ChessBase"]
[SourceQuality "1"]

{[%evp 20,39,-19,-20,110,117,80,81,133,123,120,90,168,54,262,169,254,260,841,838,1691,1650]} 1. Nf3 Nf6 2. c4 g6 3. g3 Bg7 4. Bg2 O-O 5. O-O d6 6. d4 c6 7. Nc3 Bf5 8. Re1 Ne4 9. Nh4 {E62: Königsindisch (6...Sc6)} (9. Qb3 Qb6 10. g4 Nxc3 11. gxf5 Ne4 12. fxg6 hxg6 13. Qd3 d5 14. b3 Nd7 15. Be3 e6 16. h4 f5 17. cxd5 exd5 {1-0 (48) Mamedyarov,S (2800)-Caruana,F (2808) Paris 2017}) 9... Nxc3 10. bxc3 Be6 11. Qd3 {LiveBook: 5 Partien. Die Stellung ist ausgeglichen.} f5 $146 (11... Nd7 $11 {hält das Gleichgewicht.}) ({Vorgänger:} 11... Nd7 12. e4 Nb6 13. d5 Bd7 14. Be3 Rc8 15. Rac1 cxd5 16. cxd5 Qc7 {1-0 (38) Korpa,B (2417)-Sedlak,N (2558) Graz 2015}) 12. e4 $16 fxe4 13. Bxe4 Qc8 ({Lieber} 13... Bf7) 14. Bg5 Rf7 15. Re2 {[%cal Be1e2,Be2e7,Be7e8][%mdl 32] Droht Tae1 und aus.} Bh3 {[#]} (15... Nd7 $16) 16. Rae1 (16. Nxg6 $1 $18 hxg6 17. Bxg6) 16... Qg4 $2 ({Besser ist} 16... e5 $1 $14) 17. f4 $36 {[%mdl 2048] zielt auf Sxg6! ab. Schwarz muss aufpassen.} Na6 (17... e5 $142) 18. Bf3 $18 Qd7 $2 (18... Qc8 19. c5 (19. Rxe7 Rxe7 20. Rxe7 Bf8 $18) (19. Bxe7 Qc7 $18) 19... d5 20. Rxe7 Rxe7 21. Rxe7 Bf8) 19. Rxe7 Re8 20. Rxe8+ 1-0

[Event "Pia Cramling Ladies Open 2018"]
[Site "Stockholm"]
[Date "2018.09.01"]
[Round "1"]
[White "Andersson, Christin"]
[Black "Akerlund, Lucia"]
[Result "1-0"]
[WhiteElo "2077"]
[BlackElo "1339"]
[Annotator "NA RC"]
[PlyCount "57"]
[EventDate "2018.09.01"]
[EventType "swiss"]
[EventCountry "SWE"]
[SourceTitle "playchess.com"]
[Source "ChessBase"]
[SourceQuality "1"]
[TimeControl "1800+10"]

{[%evp 8,57,181,65,60,109,379,218,252,234,265,141,195,189,233,169,279,198,179,167,164,101,96,93,107,96,282,268,275,276,272,260,265,273,633,382,875,740,1488,1262,1869,1138,1072,1556,1744,2024,1650,1487,2481,1043,5389,1104]} 1. e4 {[%emt 0:00:00]} e5 {[%emt 0:00:00]} 2. Nf3 {[%emt 0:00:00]} d5 {[%emt 0:00:39]} 3. Nxe5 {[%emt 0:00:14]} Qf6 {[%emt 0:00:50]} 4. d4 {[%emt 0:00:26]} Bd6 {[%emt 0:01:03]} 5. Bd3 {[%emt 0:00:54]} (5. exd5 $18 Ne7 6. Nc3) 5... Bxe5 {[%emt 0:01:17]} 6. dxe5 {[%emt 0:00:03]} Qc6 $2 {[%emt 0:01:44]} ({Better is} 6... Qxe5 $14 7. Nc3 dxe4) 7. exd5 {[%emt 0:00:13]} Qxd5 {[%emt 0:00:23] [#]} 8. O-O $1 {[%emt 0:00:05]} Ne7 {[%emt 0:00:43]} 9. Bf4 {[%emt 0:00:21]} ({White should play} 9. Nc3 $18 Qd8 10. Qh5) 9... O-O {[%emt 0:00:54]} (9... Bf5 $16 {is a better defense.} 10. Nc3 Qd7) 10. Nc3 {[%emt 0:00:12]} Qc6 {[%emt 0:00:43]} 11. Be4 {[%emt 0:00:19]} Qa6 {[%emt 0:00:37]} (11... Qc5 {is a better defense.} 12. e6 (12. Qh5 f5 $18) 12... fxe6) 12. Qf3 {[%emt 0:00:22]} Nd7 {[%emt 0:00:57]} 13. Rad1 {[%emt 0:00:32]} Nc5 {[%emt 0:01:11]} 14. Nd5 {[%emt 0:01:14]} (14. Bg5 $18 Nxe4 15. Qxe4 (15. Bxe7 Nxc3 16. Qxc3 Re8 $14)) 14... Nxd5 {[%emt 0:02:08]} 15. Bxd5 {[%emt 0:00:05]} c6 {[%emt 0:00:59]} 16. Bb3 {[%emt 0:00:07]} Bf5 $2 {[%emt 0:02:30]} (16... Nxb3 $16 17. axb3 Bf5) 17. Be3 $1 {[%emt 0:00:29]} Be4 {[%emt 0:00:57]} 18. Qf4 {[%emt 0:00:26]} Nxb3 {[%emt 0:03:00]} 19. Qxe4 {[%emt 0:00:07]} Na5 {[%emt 0:02:21]} 20. b3 {[%emt 0:01:01]} b5 $2 {[%emt 0:02:05]} (20... c5 21. Rd6 Nc6 22. Bxc5 Rfe8) 21. Rd6 {[%emt 0:00:35]} Rac8 $2 {[%emt 0:01:47]} (21... Rae8 22. Rd7 Nb7) 22. Qg4 {[%emt 0:00:29]} Rce8 {[%emt 0:03:47]} 23. Bh6 {[%emt 0:00:14]} g6 {[%emt 0:00:39]} 24. Bxf8 {[%emt 0:00:09]} Rxf8 {[%emt 0:00:04]} 25. e6 {[%emt 0:00:12]} Qb7 {[%emt 0:00:54]} 26. Rd7 {[%emt 0:00:19]} Qb8 {[%emt 0:00:27]} 27. exf7+ {[%emt 0:00:15]} Rxf7 {[%emt 0:00:11]} 28. Qe6 {[%emt 0:00:09]} (28. Rxf7 $142 Kxf7 29. Qd7+ Kf6 30. Re1) 28... Qf8 {[%emt 0:01:20]} 29. Rxa7 $18 {[%emt 0:00:16]} (29. Rfd1 $142 a6 30. Rxf7 Qxf7 31. Rd8+ Kg7 32. Rd7 Qxd7 33. Qxd7+ Kf6 34. Qd8+ Ke6 35. Qxa5) 1-0

[Event "Pia Cramling Ladies Open 2018"]
[Site "Stockholm"]
[Date "2018.09.01"]
[Round "1"]
[White "Tuominen, Tanja"]
[Black "Mirabdulla, Zulfiya"]
[Result "1-0"]
[WhiteElo "2076"]
[BlackElo "1350"]
[Annotator "NA RC"]
[PlyCount "43"]
[EventDate "2018.09.01"]
[EventType "swiss"]
[EventCountry "SWE"]
[SourceTitle "playchess.com"]
[Source "ChessBase"]
[SourceQuality "1"]
[TimeControl "1800+10"]

{[%evp 8,40,-21,-15,-4,-2,3,-1,27,34,43,20,34,33,55,40,47,55,147,137,293,288,362,351,382,336,354,361,429,364,372,320,522,485,1406]} 1. e4 {[%emt 0:00:00]} e5 {[%emt 0:00:00]} 2. Nf3 {[%emt 0:00:10]} Nc6 {[%emt 0:00:20]} 3. Nc3 {[%emt 0:00:58]} Nf6 {[%emt 0:00:10]} 4. d4 {[%emt 0:00:07]} exd4 {[%emt 0:00:33]} 5. Nxd4 {[%emt 0:00:06]} Bb4 {[%emt 0:00:56]} 6. Nxc6 {[%emt 0:00:09]} bxc6 {[%emt 0:01:56]} 7. Bd3 {[%emt 0:00:08]} Bxc3+ {[%emt 0:00:44]} 8. bxc3 {[%emt 0:00:08]} O-O {[%emt 0:00:53]} 9. O-O {[%emt 0:00:35] LiveBook: 5 Games} Re8 {[%emt 0:01:54]} 10. Re1 {[%emt 0:04:38]} d6 {[%emt 0:01:12]} 11. Bg5 {[%emt 0:00:19]} h6 {[%emt 0:01:08]} 12. Bh4 {[%emt 0:00:20]} Qe7 {[%emt 0:02:30] C47: Scotch Four Knights and Four Knights with 4 g3} ({Besser ist} 12... g5 $14 13. Bg3 Bg4) 13. f4 {[%emt 0:01:43]} Bg4 $146 {[%emt 0:02:31]} (13... g5 $16) ({Predecessor:} 13... Qe6 14. e5 Nd5 15. exd6 Qd7 16. Rxe8+ Qxe8 17. dxc7 Nxc7 18. Qf3 Ne6 19. Re1 Qd7 20. f5 Nc5 21. Re7 Qd5 22. Re8+ Kh7 23. Qg3 Nxd3 24. Bf6 {1-0 (24) Sebastian,D (2379)-Cladouras,P (2330) Germany 2003}) 14. Bxf6 $1 {[%emt 0:00:29]} Qxf6 {[%emt 0:02:33]} 15. Qxg4 {[%emt 0:00:09]} Qxc3 {[%emt 0:00:25]} 16. Rab1 {[%emt 0:04:09]} Qd4+ {[%emt 0:01:14]} 17. Kh1 {[%emt 0:00:16]} c5 {[%emt 0:02:25]} 18. Qe2 {[%emt 0:03:36]} d5 {[%emt 0:00:59]} 19. Qe3 {[%emt 0:01:33]} Qc3 $2 {[%emt 0:01:54]} (19... Qxe3 20. Rxe3 Rab8 21. Rxb8 Rxb8) 20. e5 {[%emt 0:00:57]} c4 $18 {[%emt 0:00:54]} (20... Qd4 $142 21. Qg3 c4) 21. Bh7+ {[%emt 0:00:14]} Kxh7 {[%emt 0:02:34]} 22. Qxc3 {[%emt 0:00:04]} 1-0

[Event "Pia Cramling Ladies Open 2018"]
[Site "Stockholm"]
[Date "2018.09.01"]
[Round "1"]
[White "Fransson, Angelina"]
[Black "Johansson-Ohman, Linnea"]
[Result "1-0"]
[WhiteElo "2004"]
[BlackElo "1495"]
[Annotator "NA"]
[PlyCount "21"]
[EventDate "2018.09.01"]
[EventType "swiss"]
[EventCountry "SWE"]
[SourceTitle "playchess.com"]
[Source "ChessBase"]
[SourceQuality "1"]
[TimeControl "1800+10"]

1. e4 {[%emt 0:00:00]} c6 {[%emt 0:00:05]} 2. Nf3 {[%emt 0:00:00]} d5 {[%emt 0:00:20]} 3. exd5 {[%emt 0:00:01]} cxd5 {[%emt 0:00:10]} 4. Ne5 {[%emt 0:00:01]} g6 {[%emt 0:03:40]} 5. d4 {[%emt 0:00:12]} a6 {[%emt 0:01:40]} 6. c3 {[%emt 0:00:34]} b5 {[%emt 0:01:11]} 7. Bd3 {[%emt 0:00:30]} Bg7 {[%emt 0:00:59]} 8. O-O {[%emt 0:00:29]} Nd7 {[%emt 0:03:15]} 9. Qe2 {[%emt 0:00:37]} Ngf6 {[%emt 0:03:35]} 10. Nc6 {[%emt 0:00:22]} O-O {[%emt 0:05:50]} 11. Nxd8 {[%emt 0:00:05]} 1-0

[Event "Pia Cramling Ladies Open 2018"]
[Site "Stockholm"]
[Date "2018.09.01"]
[Round "1"]
[White "Mariano-Wagman, Cristine Rose"]
[Black "Lindberg, Angelica"]
[Result "1-0"]
[WhiteElo "1906"]
[BlackElo "1349"]
[Annotator "NA RC"]
[PlyCount "51"]
[EventDate "2018.09.01"]
[EventType "swiss"]
[EventCountry "SWE"]
[SourceTitle "playchess.com"]
[Source "ChessBase"]
[SourceQuality "1"]
[TimeControl "1800+10"]

1. e4 {[%emt 0:00:00]} e5 {[%emt 0:00:00]} 2. d3 {[%emt 0:00:10]} Nc6 {[%emt 0:00:10]} 3. Ne2 {[%emt 0:00:10]} Bc5 {[%emt 0:00:11]} 4. g3 {[%emt 0:00:29]} d6 {[%emt 0:00:30]} 5. Bg2 {[%emt 0:00:08]} h6 {[%emt 0:00:50]} 6. O-O {[%emt 0:00:09]} Nf6 {[%emt 0:00:59]} 7. h3 {[%emt 0:00:12]} O-O {[%emt 0:00:39]} 8. Kh2 {[%emt 0:00:05]} Re8 {[%emt 0:00:25]} 9. Nbc3 {[%emt 0:00:10]} Be6 {[%emt 0:01:43]} 10. f4 {[%emt 0:00:10]} Nd4 {[%emt 0:03:44]} 11. f5 {[%emt 0:00:36]} Nxe2 {[%emt 0:01:31]} 12. fxe6 {[%emt 0:00:35]} Nxc3 {[%emt 0:01:30]} 13. exf7+ {[%emt 0:00:05]} Kxf7 {[%emt 0:02:32]} 14. bxc3 {[%emt 0:00:06]} Ke7 {[%emt 0:02:36]} 15. d4 {[%emt 0:00:24]} Bb6 {[%emt 0:01:42]} 16. Ba3 {[%emt 0:00:26]} Kd7 {[%emt 0:00:38]} 17. Qd3 {[%emt 0:01:32]} Kc8 {[%emt 0:01:15]} 18. Rad1 {[%emt 0:00:13]} Kb8 {[%emt 0:03:08]} 19. dxe5 {[%emt 0:03:13]} Nd7 {[%emt 0:01:56]} 20. exd6 {[%emt 0:00:54]} c6 {[%emt 0:01:53]} 21. c4 {[%emt 0:01:17]} Re5 {[%emt 0:01:37]} 22. Bb2 {[%emt 0:00:24]} Nc5 {[%emt 0:00:24]} 23. Qe2 {[%emt 0:01:42]} Rxe4 {[%emt 0:00:06]} 24. Bxe4 {[%emt 0:00:06]} Qe8 {[%emt 0:00:49]} 25. Bxg7 {[%emt 0:01:20]} Qxe4 {[%emt 0:00:44]} 26. Rf8+ {[%emt 0:00:38] Kc7 [%clk 0:02:15]} 1-0

[Event "Pia Cramling Ladies Open 2018"]
[Site "Stockholm"]
[Date "2018.09.01"]
[Round "1"]
[White "Tran, Alva Ling"]
[Black "Bengtsson, Siv"]
[Result "0-1"]
[WhiteElo "1519"]
[BlackElo "2111"]
[Annotator "TA"]
[PlyCount "50"]
[EventDate "2018.09.01"]
[EventType "swiss"]
[EventCountry "SWE"]
[SourceTitle "playchess.com"]
[Source "ChessBase"]
[SourceQuality "1"]

{[%evp 23,50,0,0,-29,-19,-40,-19,-32,-3,-66,-24,-45,-35,-569,-573,-664,-670,-954,-939,-933,-929,-899,-842,-810,-823,-1231,-1214,-1357,-1179]} 1. e4 c5 2. Nc3 Nc6 3. g3 Nf6 4. Bg2 e6 5. Nge2 d5 6. exd5 exd5 7. d4 cxd4 8. Nxd4 Be7 {B24: Closed Sicilian: 3 g3 sidelines} 9. Be3 O-O 10. O-O Bg4 11. Qd2 Qd7 12. Rfe1 Rfe8 {LiveBook: 3 Games} 13. Nde2 $146 {[%cal Rc3d5]} ({Predecessor:} 13. a3 Ne5 14. b3 Bc5 15. f3 Bxd4 16. Bxd4 Nxf3+ 17. Bxf3 Bxf3 18. Bxf6 gxf6 {1-0 (46) McShane,L (2644)-Coathup,R (2151) Llandudno 2017}) 13... Rad8 14. Rad1 {[%cal Rc3d5]} Bb4 {Black wants to play ...Ne4.} 15. f3 Bf5 {[#] aiming for ...d4!} 16. a3 (16. Bf2 $11) 16... Ba5 {...Rxe3! is the strong threat.} (16... Bxc3 $5 17. bxc3 {[#]} Bxc2 $1 $17 {[%mdl 512]}) 17. Nd4 Bg6 18. Bg5 $2 {[%mdl 8192]} (18. Bf2 $15) 18... Nxd4 $19 {Black is clearly winning.} 19. Bxf6 gxf6 20. Qf2 Rxe1+ 21. Qxe1 Nxc2 22. Qd2 Bb6+ 23. Kh1 Ne3 24. b4 Nxd1 25. Qxd1 d4 0-1

[Event "Pia Cramling Ladies Open 2018"]
[Site "Stockholm"]
[Date "2018.09.01"]
[Round "1"]
[White "Hellmer, Helena"]
[Black "Reizniece-Ozola, Dana"]
[Result "1-0"]
[WhiteElo "1436"]
[BlackElo "2304"]
[Annotator "TA"]
[PlyCount "71"]
[EventDate "2018.09.01"]
[EventType "swiss"]
[EventCountry "SWE"]
[SourceTitle "playchess.com"]
[Source "ChessBase"]
[SourceQuality "1"]

{[%evp 17,70,-9,-13,-18,16,-10,33,-47,-20,-6,-5,-77,3,-38,0,0,0,1,6,-14,79,-64,-10,-49,0,0,-2,-37,-16,-29,0,-4,0,-44,0,0,36,27,22,28,16,15,14,0,34,-38,0,2,61,61,61,61,61,72,29999]} 1. Nf3 Nf6 2. g3 g6 3. Bg2 Bg7 4. d3 O-O 5. O-O c5 6. Nbd2 {[%cal Bb1d2,Bd2f1,Bf1e3,Be3d5][%mdl 32]} Nc6 7. Re1 Rb8 8. e4 d6 9. c3 e5 {LiveBook: 8 Games. A05: Réti Opening: 1 Nf3 Nf6} 10. Nf1 (10. a3 b5 {½-½ (10) Nolte,R (2445)-Vovk,A (2564) Visakhapatnam 2012}) 10... Ne8 11. Ne3 f5 $146 {The position is equal.} ({Predecessor:} 11... Nc7 12. Nd5 Nxd5 13. exd5 Ne7 14. Qb3 b5 15. Be3 Qc7 16. Nd2 Bb7 {1-0 (32) Venkatesh,M (2444)-Ram,G (1889) New Delhi 2008}) 12. Qb3+ ({Better is} 12. exf5 $14 gxf5 13. Nd5) 12... Kh8 $15 13. Nd5 Be6 14. c4 (14. Qc2 $11) 14... Nd4 ({Black should play} 14... f4 $17) 15. Qd1 fxe4 16. Nxd4 cxd4 17. Bxe4 Nc7 18. Bd2 b5 (18... Nxd5 $11 {keeps the balance.} 19. cxd5 Bh3) 19. b3 (19. Ba5 $16 Bxd5 20. cxd5) 19... bxc4 (19... Na6 $1 $15) 20. bxc4 Nxd5 21. cxd5 Bh3 22. Qc1 Qf6 23. Re2 Bf5 {And now ...Bxe4 would win.} 24. Bg5 Qf7 25. Qe1 Bc8 26. Rc1 Bb7 27. Qa5 {[#] Black must now prevent Rc7.} Rbc8 28. Rcc2 a6 29. Rxc8 Rxc8 30. Bd2 Bf8 31. Be1 ({White should try} 31. f4 $14) 31... Be7 32. Rb2 $36 {[%mdl 2048] White has the initiative.} Bd8 (32... Bf8 $11) 33. Qb4 $14 Bxd5 ({Don't blunder} 33... Rc1 $2 34. Qxd6 Rxe1+ 35. Kg2 $18) 34. Qxd6 Bxe4 35. dxe4 ({Don't go for} 35. Qxe5+ $2 Bf6 $19) 35... Qc7 $2 {[%mdl 8192] [#]} (35... Qe7 $16 36. Qd5 Rc5) 36. Qf8# {Precision: White = 28%, Black = 22%.} 1-0

[Event "Pia Cramling Ladies Open 2018"]
[Site "Stockholm"]
[Date "2018.09.01"]
[Round "1"]
[White "Wetterling, Ywonne"]
[Black "Agrest, Inna"]
[Result "0-1"]
[WhiteElo "1427"]
[BlackElo "2283"]
[Annotator "TA"]
[PlyCount "141"]
[EventDate "2018.09.01"]
[EventType "swiss"]
[EventCountry "SWE"]
[SourceTitle "playchess.com"]
[Source "ChessBase"]
[SourceQuality "1"]

{[%evp 9,141,12,41,27,16,-10,13,2,10,-15,14,-35,0,0,0,-16,-19,-37,-26,-45,-40,-48,-47,-85,-70,-80,-77,-111,-86,-133,-120,-144,-131,-155,-155,-201,-210,-499,-481,-537,-539,-603,-580,-563,-548,-569,-550,-747,-505,-475,-467,-527,-525,-482,-471,-638,-614,-627,-604,-650,-607,-608,-577,-1815,-216,-216,-216,-216,-216,-216,-216,-217,-212,-261,-264,-306,-263,-386,-383,-701,-693,-693,-683,-642,-612,-541,-229,-1432,-622,-1422,-800,-1537,-1521,-5708,-5266,-29973,-29974,-29974,-29973,-29973,-29974,-29982,-29983,-29983,-29979,-29979,-29980,-29981,-29982,-29982,-29982,-29981,-29982,-29980,-29981,-29973,-29967,-29986,-29981,-29981,-29982,-29991,-29992,-29992,-29992,-29992,-29991,-29991,-29992,-29992,-29993,-29993,-29994,-29994]} 1. d4 Nf6 2. Nf3 g6 3. g3 Bg7 4. Bg2 O-O 5. O-O d6 {LiveBook: 6877 Partien} 6. e3 {A49: Königsindisch (ohne c2-c4)} (6. Re1 Nbd7 7. e4 e5 8. Nc3 Re8 9. h3 c6 10. a4 b6 11. Bg5 Bb7 12. Qd2 Qc7 13. Rad1 a6 14. dxe5 dxe5 15. Qd6 Qxd6 16. Rxd6 h6 17. Bxf6 Nxf6 18. Nd2 {½-½ (80) Kramnik,V (2792)-Grischuk,A (2766) Paris 2018}) 6... Nbd7 7. Nbd2 c5 8. c3 {Die Stellung ist ausgeglichen.} Rb8 9. b4 $146 ({Vorgänger:} 9. a4 b6 10. Re1 Bb7 11. e4 e6 12. Qc2 Qc7 13. h3 Rfc8 14. Qb3 a6 15. Kh2 cxd4 16. Nxd4 {1-0 (25) Ilic,S (2195)-Pandurevic,M (2286) Zupanja 2008}) 9... b5 10. Bb2 c4 11. a4 a6 12. axb5 axb5 13. Qc2 Bb7 14. Ra5 Qb6 15. Rfa1 e5 16. dxe5 dxe5 17. h3 Rfe8 18. g4 h6 19. Qb1 Nf8 20. R1a2 Rbd8 21. Qa1 Rd7 22. Bc1 Nd5 {[%cal Bf6d5,Bd5b4,Bb4a2][%mdl 32]} 23. Ne4 $2 {[#]} (23. R2a3 {war angesagt.}) 23... Nxb4 $1 $19 {[%mdl 512]} 24. Nfd2 (24. cxb4 Bxe4) 24... Nxa2 25. Qxa2 Red8 26. Kh2 Ne6 27. Qa3 Nc7 28. Nc5 Bf8 29. Nxd7 Rxd7 ({Nicht} 29... Bxa3 30. Nxb6 Bxc1 31. Ne4 $17) 30. Qa2 Bxg2 31. Kxg2 Rd3 32. Qa1 Qc6+ 33. Kg1 Bc5 34. Qb2 Qb6 35. Ra2 {[#]} Bxe3 $1 {[%mdl 512]} 36. Nxc4 (36. fxe3 Qxe3+) 36... Bxc1 $2 (36... Rd1+ 37. Kh2 Qc6 38. fxe3 Qh1+ 39. Kg3 Rg1+ 40. Qg2 bxc4) 37. Nxb6 Bxb2 38. Rxb2 Rxc3 {[%mdl 4096] Endspiel KTS-KTS} ({Finger weg von} 38... Rxh3 39. c4) 39. Nd7 Kg7 40. Nxe5 Rxh3 41. Kg2 Rc3 42. Nf3 Kf6 43. Nd4 (43. Rb1 {ist eine bessere Verteidigung.}) 43... Rc4 44. Nxb5 $2 (44. Rd2) 44... Nxb5 45. Rxb5 Rxg4+ {KT-KT} 46. Kf3 Rc4 47. Kg3 h5 (47... Rc3+ $142 48. Kf4 g5+ 49. Ke4 Kg6) 48. Rb3 $2 (48. f4) 48... Kg5 (48... h4+ $142 49. Kh2 Kg5) 49. Rb5+ f5 50. Rb3 h4+ 51. Kg2 Kg4 52. f3+ Kf4 {Schwarz setzt Matt.} 53. Rb2 g5 54. Rf2 Ke3 55. Rf1 Rc2+ 56. Kg1 g4 57. fxg4 fxg4 58. Re1+ Kf3 59. Rf1+ Kg3 60. Re1 Rc3 61. Rd1 h3 62. Rb1 Re3 63. Kh1 Kf3 64. Rf1+ Ke2 65. Rg1 g3 66. Rb1 Rd3 67. Rb2+ Rd2 68. Rb1 Rd1+ 69. Rxd1 Kxd1 70. Kg1 Ke2 71. Kh1 {Precision: Weiß = 11%, Schwarz = 67%.} 0-1

[Event "Pia Cramling Ladies Open 2018"]
[Site "Stockholm"]
[Date "2018.09.01"]
[Round "1"]
[White "Ostensson, Julia"]
[Black "Johansson, Viktoria"]
[Result "0-1"]
[WhiteElo "1375"]
[BlackElo "2106"]
[Annotator "TA"]
[PlyCount "86"]
[EventDate "2018.09.01"]
[EventType "swiss"]
[EventCountry "SWE"]
[SourceTitle "playchess.com"]
[Source "ChessBase"]
[SourceQuality "1"]

{[%evp 9,86,-23,-18,-42,-8,-41,-33,-65,-59,-60,-67,-72,-57,-69,-57,-60,-42,-43,-34,-58,-39,-68,-23,-56,-52,-92,-19,-45,-26,-27,-27,-43,-20,-31,-21,-21,-21,-39,0,-1,5,0,0,-64,-53,-54,0,-152,-148,-309,-200,-190,-183,-234,-169,-264,-265,-612,-626,-564,-474,-498,-403,-430,-389,-628,-583,-760,-377,-388,-334,-372,-364,-356,-361,-329,-303,-482,-302]} 1. e4 c5 2. c3 Nf6 3. d3 Nc6 4. Bg5 (4. f4 g6 5. Nf3 Bg7 6. Be2 O-O 7. O-O c4 8. Kh1 cxd3 9. Bxd3 d5 10. e5 Ne4 11. Be3 Bf5 12. Qe2 e6 13. Na3 f6 14. exf6 Qxf6 {½-½ (74) Bocharov,D (2583)-Frolyanov,D (2576) Khanty-Mansiysk 2017}) 4... e5 5. Nf3 Be7 6. Be2 {B22: Sicilian: 2 c3} O-O 7. O-O d5 8. Bxf6 {Black is slightly better.} Bxf6 9. Nbd2 d4 $146 ({Predecessor:} 9... dxe4 10. Nxe4 Be7 11. Qd2 Bf5 12. Ng3 Be6 13. b3 {1-0 (27) Rudareanu,I (2120)-Fernandez Regodeseves,R Aviles 2006}) 10. Nb3 b6 11. Rc1 dxc3 12. bxc3 Bb7 13. Re1 Qe7 14. Qd2 Rad8 {Hoping for ...c4!} 15. Qe3 Rd7 16. Rcd1 Rfd8 17. Rd2 a5 ({Black should try} 17... Qd6 $17) 18. a4 Qe6 19. Rb1 Ba6 20. Rdd1 h6 21. Nc1 Nb8 22. Rd2 Rd6 23. h3 Nd7 24. Rdb2 Nf8 25. c4 Ng6 26. Ne1 ({Better is} 26. Na2 $11) 26... Bg5 $15 27. Qf3 Nf4 ({Black should play} 27... Bxc1 $15 28. Rxc1 Nf4) 28. g3 $2 (28. Na2 $11) 28... Nxh3+ $17 29. Kg2 $2 (29. Kf1 $17) 29... Bxc1 30. Rxc1 Ng5 $36 {[%mdl 2048] Black is on the roll.} 31. Qh5 (31. Qg4 {was necessary.}) 31... Bc8 32. g4 (32. Rcb1 {might work better.}) 32... Qf6 33. f3 $2 (33. Kf1) 33... Ne6 $19 {[#] ...Nf4+ is the strong threat.} 34. Qh2 Qg5 35. Rcb1 Nf4+ 36. Kf1 Qf6 37. Rd1 $2 {[#]} (37. Kf2) 37... Bxg4 $1 {[%mdl 512]} 38. Qg3 (38. fxg4 Nxd3+) 38... Nxe2 (38... Bh3+ $142 39. Kf2 Qe7) 39. Rxe2 Bh5 40. Rf2 Bg6 41. Re2 Qe7 42. Kg1 Qd7 43. Red2 (43. Qxe5 {keeps fighting.} Qxa4 44. Rb1) 43... Qxa4 {Precision: White = 28%, Black = 36%.} 0-1